[Event "IECG CC.2006.0.00144 email"]
[Site "IECG email"]
[Date "2006.12.24"]
[Round "?"]
[White "Guaimare Rodriguez, Carlos Luis"]
[Black "Tomas, Daniel"]
[Result "0-1"]
[WhiteElo "1797"]
[BlackElo "1700"]
[PlyCount "54"]
[EventDate "2006.12.24"]
[EventType "tourn (corr)"]
[EventRounds "6"]
[SourceTitle "Corr 2011"]
[Source "ChessBase"]
[SourceDate "2010.08.31"]
[SourceVersion "1"]
[SourceVersionDate "2010.08.31"]
[SourceQuality "1"]

1. d4 Nf6 2. c4 e6 3. Nc3 d5 4. cxd5 exd5 5. Bg5 c6 6. Qc2 Be7 7. e3 Bg4 8. Bd3 Nbd7 9. h3 Be6 10. Nf3 h6 11. Bf4 0-0 12. 0-0 Rc8 13. a3 Nh5 14. Bh2 f5 15. b4 g6 16. Na4 b5 17. Nc5 Nxc5 18. bxc5 a5 19. a4 b4 20. Ba6 Kh7 21. Bxc8 Qxc8 22. Bd6 Rf7 23. Ne5 Rg7 24. Rae1 Nf6 25. f3 Qe8 26. Qd3 Bc8 27. Rc1 Bd8 0-1

[Event "IECG CC.2006.0.00144 email"]
[Site "IECG email"]
[Date "2006.12.24"]
[Round "?"]
[White "Tomas, Daniel"]
[Black "Eshuis, Hans"]
[Result "1-0"]
[WhiteElo "1700"]
[BlackElo "1751"]
[PlyCount "39"]
[EventDate "2006.12.24"]
[EventType "tourn (corr)"]
[EventRounds "6"]
[SourceTitle "Corr 2011"]
[Source "ChessBase"]
[SourceDate "2010.08.31"]
[SourceVersion "1"]
[SourceVersionDate "2010.08.31"]
[SourceQuality "1"]

1. e4 c5 2. Nf3 Nc6 3. Bc4 e6 4. c3 d5 5. exd5 exd5 6. Bb3 Qe7+ 7. Qe2 Qxe2+ 8. Kxe2 c4 9. Ba4 Bf5 10. Ne5 Nge7 11. d4 cxd3+ 12. Nxd3 0-0-0 13. Rd1 d4 14. a3 h5 15. b4 Nd5 16. Bxc6 bxc6 17. cxd4 Bd6 18. g3 h4 19. Kf3 Bg4+ 20. Kxg4 1-0